| 000 | 01123nam a2200313 c 4500 | ||
|---|---|---|---|
| 003 | BLK | ||
| 005 | 20180422094754.0 | ||
| 008 | 180413b bul|||||r ||||||| ||bul|| | ||
| 010 | _aKNG00018371000 | ||
| 040 | _aBLK | ||
| 041 |
_aBUL _cBUL |
||
| 080 |
_aАмериканска литература (на САЩ) _b821.111(73) _x-31 _z821.111(73)-31 |
||
| 100 | 1 |
_aГрей, Зейн _eпърви автор _9255961 |
|
| 700 | 1 |
_aСпасов, Любомир _eпрев. _9363570 |
|
| 139 |
_aГрей, Зейн _bГ 79 |
||
| 245 | 1 | 0 |
_aРазбойническо гнездо _bРоман _cЗейн Грей; прев. Любомир Спасов. |
| 257 | _aUSA | ||
| 260 |
_аСофия _bСветовна библ. _c1996 |
||
| 300 |
_a223 с. _c20 см |
||
| 380 | _aX | ||
| 490 | 1 | _aПоредица Избрани приключенски романи | |
| 500 | _aОриг. загл. A Den of Thieves / Zane Grey. - 2 500 тир. | ||
| 653 | _aромани | ||
| 852 | _aЦб 193954 | ||
| 856 | 4 |
_qpdf _u |
|
| 856 | 4 |
_qpdf _u |
|
| 942 |
_cKNG _n0 |
||
| 944 |
_aCR _c15.01.2003 _kЛюдмила_Стоянова |
||
| 944 |
_aED _c19.10.2009 _k |
||
| 999 |
_c16492 _d16492 |
||